000 00841nam a22002897a 4500
003 CHAP
005 20220329140702.0
008 971013s1970 r 00010 d
010 _a56023
011 _a56995
035 _a61148
040 _cCHAP
082 _a301.15
_bS5
100 0 0 _aShaw, Marvin E.
_9105553
245 _aTheories of social psychology
260 _aNew York :
_bMcGraw-Hill,
_c1970
300 _a414 p.
590 _aBATCH-UPD
_b10
_c20130110
_lUCH01
_h0821
590 _aBATCH-UPD
_b10
_c20130410
_lUCH01
_h0459
590 _aBATCH-UPD
_b10
_c20130914
_lUCH01
_h1053
590 _aCONVERSION
_b10
_c20130109
_lUCH01
_h1330
650 1 4 _aPsicologĂ­a social.
_992616
700 0 _aCostanzo, Philip R.
_928503
901 _aBK
942 _cLIBRO
949 _a301.15 S5
_bBC
_cLIBRO
_d33724000289450
_eLIBRO
_h17877
_i61148
_si
999 _c56023
_d56023